MDQL
is popping MORE tags! Check the
thread
!
Quizzes
Events
Quiz Creation
Community
Videos
Private Events
Remove Ads
Sign In
Join for FREE
Feedback
Dark Mode
Quiz Categories
Sports
Geography
Music
Movies
Television
Just For Fun
Miscellaneous
History
Literature
Language
Science
Gaming
Entertainment
Religion
Holiday
For Kids
Quiz Lab
Recent
Popular Today
Quiz Kudos Today
Editor Picks
Curator Picks
Quizzes by...
Day
Popularity
Type
Ratings
Length
Year
Community
Subscriptions
Recent Discussions
Orange Saloon
Badges
Playlists
Quests
Create
Leaderboards
Showdown
Live 5
Trivia Bingo
Activity
Puzzle Library
Sporcle Events
Private Events
Virtual Trivia
Globe League
Become a Host
Pub Owners
SporcleCon
Opinionation
Our Games
Videos
Blog
Mobile Apps
Partnerships
Remove Ads and Go Orange
Feedback
Movies
Disney
Marvel Cinematic Universe
Movie Resume
Movie Titles
Oscar
Actor
Actress
Director
Pixar
Role
Movie Quotes
Movie Characters
Box Office
Nominee
Best Picture
Star Wars
James Bond
Horror Movies
Movies
Disney
Marvel Cinematic Universe
Movie Resume
Movie Titles
Oscar
Actor
Actress
Director
Pixar
Role
Movie Quotes
Movie Characters
Box Office
Nominee
Best Picture
Star Wars
James Bond
Horror Movies
Random Quiz
Search Sporcle
×
Quiz Lab
Quiz Lab
Movies
captain
Type answers based on single images at one time
Type answers based on single images at one time
Slideshow
Best Score? Go Orange.
Captain America 2 Characters (Slideshow) Stats
Can you name the Captain America 2 Characters (Slideshow)?
By
JediKid
3m
13 Questions
185 Plays
185 Plays
185 Plays
Comments
Comments
Give Quiz Kudos
Give Quiz Kudos
-
- Ratings
hide this ad
Replay
Link that replays current quiz
Next Quiz
Link to next quiz in quiz playlist
You Got
0%
They Got
Avg Score
73%
Avg Friend Score
Upgrade to see
Score Distribution
Jump to the score distribution portion of the page
Score
0/13
Timer
03:00
0
Plays Today
% Correct
Steve Rogers
98.4%
Sam Wilson
97.8%
Agent Natasha Romanoff
96.2%
Bucky Barnes
93.5%
Peggy Carter
84.9%
Agent Alexander Pierce
84.3%
Agent Maria Hill
74.1%
Brock Rumlow
73.5%
Dr. Arnim Zola
70.9%
Nick Fury
69.2%
Sharon Carter
63.8%
Agent Jasper Sitwell
59.5%
Georges Batroc
43.1%
Quiz Playlist
Details
Report
Send in Message
Add To Playlist
Slideshow:
Type answers based on single images at one time
Last Updated: Feb 16, 2017
Quiz Scoreboard
CHALLENGE
Sign Up to Join the Scoreboard
Show All
Scores
Hide
Comments
May contain spoilers
Recently Published
5x2 Blitz: Bands
by SL_Kpop136
Music
30s
Colored Red Africa Blitz
by spor1
Geography
30s
Find the 'City' Movie
by crazypaving
Movies
60s
More to Explore
Quiz From the Vault
Featured Blog Post
14 Easter Pick-up Lines to Find Eggs With
hide this ad
You Might Also Like...
Tags
America
captain
Captain America
Character
Characters
Slideshow
Today's Top Quizzes in Movies
Browse Movies
hide this ad
Top Contributed Quizzes in Movies
1
Pick 5 Posters: Directed by Spielberg
2
7-to-1: Pixar Characters
3
Hidden Star Wars Character II
4
Hidden Star Wars Character III
5
Hidden Star Wars Character IV
6
Pick 5 Posters: Lowest-Rated Spielberg
7
Sorting Actresses
8
Sorting Actors
9
Hidden Star Wars Character V
10
Hidden Star Wars Character VI
Explore More
Trending Topics
Anime
Disney
NBA
Marvel
Harry Potter
Kpop
Crossword
WWE
NFL
Soccer
Country
Pokémon
The Office
Song
Puzzle
hide this ad
More By:
JediKid
Quiz
Plays
Rating
Category
Featured
Created
Top 100 Harry Potter Characters
2,880
3.17
Entertainment
Sep 1, 2016
Avengers: Infinity War Characters
2,403
1.86
Entertainment
May 19, 2016
Captain America: Civil War Characters by GIFs
1,549
3.42
Movies
May 12, 2016
190 MCU Characters by Screen Time
1,497
3.83
Movies
Apr 20, 2019
X-Men: Days of Future Past Character Posters
1,427
4.45
Entertainment
Jul 29, 2016
Go to Creator's Profile
Score Distribution
Quiz Creator Spotlight
JediKid
Follow
Send a Message
Quizzes Created
-
Created Quiz Play Count
-
More By This Creator
Popular Quizzes Today
1
5x2 Blitz: Bands
2
Find the 'City' Movie
3
Find the US States - No Outlines Minefield
4
Colored Red Africa Blitz
5
The Countries of the World
6
Find the US States
7
Risky Map Clicking: Biggest States A-Z
8
9x9 Crossword: Cartoon Network
More Movies Quizzes
Disney's Pinocchio Crossword!
Quiz Lab
Trending Quizzes
Colored Red Africa Blitz II
Colored Red Europe Blitz I
Find the 'Dark' Movie
Find the 'Day' Movie
Find the 'Good' Movie
Recently Updated
Champions League XIs: Real Madrid
pecheneg
Largest US Cities 1790-2010
pecheneg
Rides in Walt Disney World
pecheneg
Most Oscar Losses (Acting)
pecheneg
Beyoncé Albums
pecheneg
Leaping Animals
pecheneg
Reality TV Shows (A-Z)
bhenderson79
Rickey Henderson's Hall of Fame Teammates
pecheneg
Champions League XIs: Arsenal
pecheneg
Quick Pick: Celebrities in WWE's Hall of Fame
aduchscher
Trending Topics
NBA
Disney
Kpop
Marvel
Anime
Harry Potter
Crossword
The Office
Song
Puzzle
Pokémon
Soccer
Country
WWE
NFL
Your Account Isn't Verified!
In order to create a playlist on Sporcle, you need to verify the email address you used during registration. Go to your
Sporcle Settings
to finish the process.
Report this User
Report this user for behavior that violates our
Community Guidelines
.
Details:
Send Report
Go to the Sporcle.com Mobile Site →
Comments